Agenda política, desarrollo y bienestar: encuentros y análisis durante el 2012 /
La lectura proporciona un análisis de la agenda política en relación con el desarrollo y el bienestar durante ese año específico. Se examinan los encuentros y debates clave que tuvieron lugar en diferentes contextos, analizando los desafíos, las tendencias y las políticas relacionadas con el desarro...
保存先:
| その他の著者: | , |
|---|---|
| フォーマット: | 図書 |
| 言語: | Spanish |
| 出版事項: |
San José, CR:
FLACSO; Konrad Adenauer Stiftung,
2014
|
| 主題: | |
| タグ: |
タグ追加
タグなし, このレコードへの初めてのタグを付けませんか!
|
MARC
| LEADER | 00000nam a22000007a 4500 | ||
|---|---|---|---|
| 003 | cru CRAI/IIS | ||
| 005 | 20230516180706.0 | ||
| 008 | 200219s2014 cr |||||r|||||||| ||spa|d | ||
| 020 | |a 9789977682716 | ||
| 040 | |c cru CRAI/IIS | ||
| 090 | |a 12.07.01 C388a | ||
| 245 | 0 | |a Agenda política, desarrollo y bienestar: |b encuentros y análisis durante el 2012 / |c Yajaira Ceciliano, Graciela Incer, editoras | |
| 260 | |a San José, CR: |b FLACSO; |b Konrad Adenauer Stiftung, |c 2014 | ||
| 300 | |a 151 páginas: |b fotos | ||
| 520 | 3 | |a La lectura proporciona un análisis de la agenda política en relación con el desarrollo y el bienestar durante ese año específico. Se examinan los encuentros y debates clave que tuvieron lugar en diferentes contextos, analizando los desafíos, las tendencias y las políticas relacionadas con el desarrollo y el bienestar en diversas áreas temáticas.RAR/13/12/2022 | |
| 650 | 0 | 0 | |2 OCDE |9 3294 |a DESARROLLO |
| 650 | 0 | 0 | |2 UNESCO |9 2121 |a BIENESTAR SOCIAL |
| 650 | 0 | 0 | |2 OCDE |9 3784 |a POLITICAS PUBLICAS |
| 650 | 0 | 0 | |2 OCDE |9 414 |a CIUDADANIA |
| 650 | 0 | 0 | |2 OCDE |9 7946 |a GOBERNANCIA |
| 700 | 1 | |a Ceciliano, Yajaira |e editora |9 9090 | |
| 700 | 1 | |9 9091 |a Incer, Graciela |e editora | |
| 942 | |2 ddc |c LI | ||
| 999 | |c 42696 |d 42696 | ||



